Benchmarking ako nástroj merania výkonnosti v oblasti optimalizácie webovej stránky pre vyhľadávacie nástroje v aplikácii na advokátsku kanceláriu diplomová práca

Uložené v:
Podrobná bibliografia
Hlavný autor: Bellay, Marek
Korporativný autor: Obchodná fakulta EU. Katedra marketingu
Ďalší autori: Miklošík, Andrej
Médium: Kniha
Jazyk:Slovak
Vydavateľské údaje: Bratislava 2016
Tagy: Pridať tag
Žiadne tagy, Buďte prvý, kto otaguje tento záznam!

MARC

LEADER 00000nbm a2200000 4500
001 0216761
005 20170112103545.3
041 0 |a slo 
044 |a SK 
245 1 0 |a Benchmarking ako nástroj merania výkonnosti v oblasti optimalizácie webovej stránky pre vyhľadávacie nástroje v aplikácii na advokátsku kanceláriu  |b diplomová práca  |c Marek Bellay ; školiteľ: Andrej Miklošík 
264 1 |a Bratislava  |c 2016 
300 |a 80 s. 
100 1 |a Bellay, Marek 
700 1 |a Miklošík, Andrej 
710 2 |a Obchodná fakulta EU. Katedra marketingu